Normal view
MARC view
Entry Término temático
001 - NÚMERO DE CONTROL
- campo de control: 78543
003 - IDENTIFICADOR DEL NÚMERO DE CONTROL
- campo de control: DO-SdBNP
005 - FECHA Y HORA DE LA ÚLTIMA TRANSACCIÓN
- campo de control: 20210504104527.0
008 - DATOS DE LONGITUD FIJA
- campo de control de longitud fija: 210504|| aca||aabn | a|a d
040 ## - FUENTE DE LA CATALOGACIÓN
- Centro catalogador/agencia de origen: DO-SdBNP
- Centro/agencia transcriptor: DO-SdBNP
150 ## - ENCABEZAMIENTO--TÉRMINO DE MATERIA
- Término de materia o nombre geográfico como elemento de entrada: Arquitectura colonial
- Subdivisión geográfica: Caribe (Región)
670 ## - FUENTE DE DATOS ENCONTRADOS
- Cita de la fuente: Work cat.: (DO-SdBNP)49134: Pérez Montás , Eugenio 13156, Carimos : , 1991
